Thuốc bảo vệ thực vật

Quyển sách đề cập đến một số hiểu biết cơ bản và những cơ sở khoa học và kỹ thuật dùng thuốc, hướng dẫn cách sử dụng thuốc đạt hiệu quả kinh tế, kỹ thuật và an toàn.

में बचाया:
ग्रंथसूची विवरण
मुख्य लेखक: Trần, Quang Hùng
स्वरूप: पुस्तक
भाषा:Undetermined
प्रकाशित: Hà Nội Nông Nghiệp 1992
विषय:
टैग : टैग जोड़ें
कोई टैग नहीं, इस रिकॉर्ड को टैग करने वाले पहले व्यक्ति बनें!
Thư viện lưu trữ: Trung tâm Học liệu Trường Đại học Cần Thơ
LEADER 00922nam a2200217Ia 4500
001 CTU_143687
008 210402s9999 xx 000 0 und d
020 |b 25000 
082 |a 632.95 
082 |b D513 
100 |a Trần, Quang Hùng 
245 0 |a Thuốc bảo vệ thực vật 
245 0 |c Trần Quang Hùng 
260 |a Hà Nội 
260 |b Nông Nghiệp 
260 |c 1992 
520 |a Quyển sách đề cập đến một số hiểu biết cơ bản và những cơ sở khoa học và kỹ thuật dùng thuốc, hướng dẫn cách sử dụng thuốc đạt hiệu quả kinh tế, kỹ thuật và an toàn. 
650 |a Agricultural chemicals,Pesticides,Insecticides,Herbicides 
650 |x Application,Application,Application 
904 |i Trọng Hiếu 
980 |a Trung tâm Học liệu Trường Đại học Cần Thơ